What is history? / (Record no. 186161)
[ view plain ]
| 000 -LEADER | |
|---|---|
| fixed length control field | 00726 a2200181 4500 |
| 003 - CONTROL NUMBER IDENTIFIER | |
| control field | NUST |
| 005 - DATE AND TIME OF LATEST TRANSACTION | |
| control field | 20230127144910.0 |
| 020 ## - INTERNATIONAL STANDARD BOOK NUMBER | |
| International Standard Book Number | 0333977017 |
| 040 ## - CATALOGING SOURCE | |
| Transcribing agency | Nust |
| 082 ## - DEWEY DECIMAL CLASSIFICATION NUMBER | |
| Classification number | 907.106,CAR |
| 100 ## - MAIN ENTRY--PERSONAL NAME | |
| Personal name | Carr, Edward Hallett |
| 9 (RLIN) | 3045 |
| 245 ## - TITLE STATEMENT | |
| Title | What is history? / |
| Statement of responsibility, etc. | E.H. Carr |
| 260 ## - PUBLICATION, DISTRIBUTION, ETC. | |
| Name of publisher, distributor, etc. | Palgrave |
| Linkage | E.H. Carr |
| Date of publication, distribution, etc. | 1986 |
| 300 ## - PHYSICAL DESCRIPTION | |
| Extent | 155:p. |
| 505 ## - FORMATTED CONTENTS NOTE | |
| Formatted contents note | Introduction (Page-ix), Introductory Note (Page xlvii), Preface to the Second Edition (Page-xlix), The Historian and his Facts (Page-1), Society and the Individual (Page-25), History Science and Morality (Page-50), Causation in History (Page-81), History as Progress (Page-103), The Widening Horizon (Page-128). |
| 650 ## - SUBJECT ADDED ENTRY--TOPICAL TERM | |
| Topical term or geographic name entry element | History |
| 942 ## - ADDED ENTRY ELEMENTS (KOHA) | |
| Source of classification or shelving scheme | |
| Koha item type | Book |
| Call number prefix | 907.1068,CAR |
| Withdrawn status | Lost status | Source of classification or shelving scheme | Damaged status | Not for loan | Permanent Location | Current Location | Shelving location | Date acquired | Full call number | Barcode | Date last seen | Price effective from | Koha item type | Public note |
|---|---|---|---|---|---|---|---|---|---|---|---|---|---|---|
| Military College of Signals (MCS) | Military College of Signals (MCS) | General Stacks | 12/12/2016 | 907.1068,CAR | MCS33544 | 12/08/2016 | 12/12/2016 | Book | Almirah No.75, Shelf No.4 | |||||
| Military College of Signals (MCS) | Military College of Signals (MCS) | General Stacks | 12/12/2016 | 907.1068,CAR | MCS33545 | 12/08/2016 | 12/12/2016 | Book | Almirah No.58, Shelf No.3 |
